000 02272cam a22004574i 4500
003 PE-LiUPU
005 20250731173304.0
008 150616s1946 ag r 000 0 spa d
035 _a(Sirsi) a3649
040 _aPE-LiUPU
_bspa
_cPE-LiUPU
_erda
049 _aPRUA
082 0 4 _a270
_bR29
_221
100 1 _aRenan, Ernesto,
_eautor.
245 1 0 _aHistoria de los orígenes del cristianismo: El anticristo, los evangelios, la iglesia cristiana, Marco Aurelio.
264 1 _aBuenos Aires :
_bArgonauta,
_c1946.
300 _a914 páginas ;
_c18 centímetros.
336 _atext
_2rdacontent
337 _aunmediated
_2rdamedia
338 _avolume
_2rdacarrier
490 0 _aClásicos de la Historia ;
_v6
505 0 _aEl anticristo: -El incendio de Roma -- Muerte de San Pedro y San Pablo -- El Apocalipsis -- Ruina de Jerusalén. Los evangelios y la segunda generación cristiana: -Los judíos al día siguiente de la destrucción del templo -- Propagación del cristianismo -- Persecución de Domicianos -- Separación definitiva de la iglesia y de la sinagoga. La iglesia cristiana: -Reconstrucción de Jerusalén -- Los escritos juánicos -- Principios de una filosofía cristiana -- Ultima rebelión de los Judíos -- Las sectas en Roma -- Los abusos y la penitencia. Profecías nuevas -- Los evangelios apócrifos. Marco Aurelio y el final del mundo antiguo: -Advenimiento de Marco Aurelio -- Progreso y reformas -- El reinado de los filósofos -- Persecuciones contra los cristianos.
526 _aSEG42
526 _aSEG41
526 _aSEG40
526 _aSEG39
526 _aP94
526 _aP87
526 _aP86
526 _aP85
526 _aP77
526 _aP76
526 _aP35
650 0 4 _aIglesia - Historia.
910 _ajck
_bjvq
_cjck
942 _2ddc
_cBOOK
949 _a270 R29
_wDEWEY
_c1
_i11046
_lCCODEBUL1
_mBUL
_p00.00
_r0
_sY
_tBOOK
_u2015-04-23
_xTEOLOGIA
_zUNKNOWN
_0COMPRA
_o.STAFF. Colección General
994 _aC0
_bPEPRU
596 _a1
999 _a270 R29
_wDEWEY
_c44567
_i11046
_d44567
_e2018-5-9
_f2021-11-12
_g6
_lCCODEBUL1
_mBUL
_n3
_p18.00
_q3
_r0
_sY
_tBOOK
_u2015-4-23
_xTEOLOGIA
_zUNKNOWN
_0COMPRA
_o.STAFF. Colección Teología
980 _81
_gALBERTO SANCHEZ Responsable de Automatización